[Event "Pan American-ch U12"]
[Site "Cali"]
[Date "2015.06.30"]
[Round "4"]
[White "Cotes Ontibon, Juan Sebastian"]
[Black "Velasco Pilpe, Isacc Israel"]
[Result "0-1"]
[WhiteElo "1826"]
[BlackElo "1717"]
[PlyCount "43"]
[EventDate "2015.06.28"]
[EventType "swiss"]
[EventRounds "9"]
[EventCountry "COL"]
[SourceTitle "EXT 2016"]
[Source "ChessBase"]
[SourceDate "2015.10.08"]
[SourceVersion "1"]
[SourceVersionDate "2015.10.08"]
[SourceQuality "1"]

1. e4 c5 2. Nf3 Nc6 3. d4 cxd4 4. Nxd4 g6 5. Nc3 Bg7 6. Be3 Nf6 7. Be2 0-0 8. 0-0 d6 9. f3 Qb6 10. Qd3 Qxb2 11. Na4 Qb4 12. Nxc6 bxc6 13. Qb3 Qxb3 14. cxb3 d5 15. Nc3 dxe4 16. Bc4 Re8 17. Bc5 exf3 18. Rxf3 Bg4 19. Re3 Nd7 20. Bb4 Bd4 21. Kf2 Bxe3+ 22. Kxe3 0-1